|
|
|
|
| LEADER |
00000nam a2200000 a 4500 |
| 001 |
vtls001379648 |
| 003 |
SK-MaSNL |
| 005 |
20260301161343.0 |
| 008 |
251124s1997 xr 0 cze |
| 035 |
|
|
|a SNK000333624
|
| 040 |
|
|
|a SNK
|b slo
|c SNK
|e AACR2
|
| 044 |
|
|
|a CZ
|
| 080 |
|
|
|a 784.66:785.1(086.7)
|2 1981
|
| 245 |
1 |
|
|a Country Fontána 97
|h zvukový dokument
|
| 260 |
|
|
|a B.m.
|b Sony Music Entertainment s.r.o.
|c 1997
|
| 300 |
|
|
|a 1 kompaktná platňa
|b stereo
|
| 505 |
0 |
|
|a Obsahuje 14 piesní
|
| 511 |
0 |
|
|a Účinkujú hudobné skupiny Žalman & spol, Nezmaři, Duo Cis, Spirituál kvintet, T. Böhm a Carolina, Grošáci, Poutníci, Rattlesnake Annie, Druhá tráva
|
| 511 |
0 |
|
|a Spoluúčinkujú Wabi Daněk, V.K. Tomáško, Denisa Marková, Pavel Bobek, Allan Mikušek, Dan Koreda, P. Jíšová
|
| 650 |
0 |
7 |
|a populárna hudba
|2 SNKPH
|9 3428
|
| 650 |
0 |
7 |
|a country (hudba)
|2 SNKPH
|9 67799
|
| 655 |
|
7 |
|a kompaktné platne
|2 SNKPH
|9 70690
|
| 700 |
1 |
|
|a Daněk, Wabi,
|d 1947-2017
|4 uci
|9 171142
|
| 700 |
1 |
|
|a Tomáško, V.K.
|4 uci
|9 524248
|
| 700 |
1 |
|
|a Marková, Denisa
|4 uci
|9 524249
|
| 700 |
1 |
|
|a Bobek, Pavel,
|d 1937-2013
|4 uci
|9 164260
|
| 700 |
1 |
|
|a Mikušek, Allan,
|d 1967-
|4 uci
|9 100026
|
| 700 |
1 |
|
|a Koreda, Dan
|4 uci
|9 524250
|
| 700 |
1 |
|
|a Jíšová, Pavlína,
|d 1962-
|4 uci
|9 23963
|
| 710 |
0 |
|
|a Žalman & spol. hudobná skupina
|4 uci
|9 391028
|
| 710 |
0 |
|
|a Nezmaři hudobná skupina
|4 uci
|9 35302
|
| 710 |
0 |
|
|a Duo Cis hudobná skupina
|4 uci
|9 524251
|
| 710 |
0 |
|
|a Spirituál kvintet (hudobná skupina)
|4 uci
|9 63227
|
| 710 |
2 |
|
|a Grošáci (hudobná skupina)
|4 uci
|9 116009
|
| 710 |
2 |
|
|a Poutníci (hudobná skupina)
|4 uci
|9 116008
|
| 710 |
0 |
|
|a Rattlesnake Annie hudobná skupina
|4 uci
|9 35294
|
| 710 |
2 |
|
|a Druhá tráva (hudobná skupina)
|4 uci
|9 116004
|
| 999 |
|
|
|c 809092
|d 811022
|
| 952 |
|
|
|t P65, <07>, [BOOK], {657}
|a SNK
|b SNK
|y PREZ
|7 0
|p 17A0216962
|o snkICD 845
|i snkJK 525/99
|0 0
|1 0
|4 0
|d 1999-12-20
|l 0
|r 2005-01-02 00:00:00
|w 2026-02-24
|